| 000 | 01459cam a2200337 a 4500 | ||
|---|---|---|---|
| 999 |
_c27321 _d27321 |
||
| 001 | 2473997 | ||
| 003 | OSt | ||
| 005 | 20170208094853.0 | ||
| 008 | 900209s1989 ru af bc 000 0 eng | ||
| 010 | _a 90115891 | ||
| 020 | _a5730002599 | ||
| 040 |
_aDLC _cDLC _dDLC |
||
| 043 | _ae-ur-ru | ||
| 050 | 0 | 0 |
_aNC267 _b.R86 1989 |
| 082 | 0 | 0 |
_a741.947/074/47 _220 |
| 245 | 0 | 0 |
_aRussian drawings, 18th to early 20th century / _c[introduction by Gleb Pospelov ; selection by Julia Zabrodina ... et al. ; translated from the Russian by Anna Staros]. |
| 260 |
_aLeningrad : _bAurora Art Publishers ; _aChicago, Ill. : _bImported by Imported Publications, _cc1989. |
||
| 300 |
_a35, [161] p. of plates : _bchiefly ill. (some col.) ; _c33 cm. |
||
| 500 | _aTitle on colophon: Russkiĭ risunok XVIII-nachala XX veka. | ||
| 504 | _aIncludes bibliographical references (p. [36]). | ||
| 650 | 0 |
_aDrawing, Russian _xCatalogs. |
|
| 700 | 1 | _aPospelov, G. G. | |
| 700 | 1 |
_aZabrodina, I︠U︡. M. _q(I︠U︡lii︠a︡ Mikhaĭlovna) |
|
| 700 | 1 | _aStaros, Anna. | |
| 740 | 0 | _aRusskiĭ risunok 18.-nachala 20. veka. | |
| 740 | 0 | _aRusskiĭ risunok vosemnadt︠s︡atogo-nachala dvadt︠s︡atogo veka. | |
| 906 |
_a7 _bcbc _corignew _d2 _encip _f19 _gy-gencatlg |
||
| 942 |
_2lcc _cBOOKS _hNC 267 .R86 1989 |
||